Principal Determinants of Territorial Allocation of the Slovak Republic's Bilateral Development Aid: Path-dependent Trajectory?
Kvantitatívna analýza teritoriálneho aspektu prideľovania slovenskej bilaterálnej oficiálnej rozvojovej pomoci (official development assistance, ODA). Empirické skúmanie hlavných determinantov teritoriálnej selekcie a alokácie slovenskej bilaterálnej rozvojovej pomoci v rokoch 2003 – 2019. Regresná...
Saved in:
| Main Author: | |
|---|---|
| Other Authors: | |
| Format: | Book Chapter |
| Language: | English Slovak |
| Subjects: | |
| Tags: |
No Tags, Be the first to tag this record!
|
MARC
| LEADER | 00000naa a2200000 4500 | ||
|---|---|---|---|
| 001 | 0287012 | ||
| 005 | 20250905095206.6 | ||
| 041 | 0 | |a eng | |
| 041 | 0 | |a slo | |
| 044 | |a SK | ||
| 245 | 1 | 0 | |a Principal Determinants of Territorial Allocation of the Slovak Republic's Bilateral Development Aid: Path-dependent Trajectory? |c Peter Jančovič, Jakub Szabó |
| 520 | |a Kvantitatívna analýza teritoriálneho aspektu prideľovania slovenskej bilaterálnej oficiálnej rozvojovej pomoci (official development assistance, ODA). Empirické skúmanie hlavných determinantov teritoriálnej selekcie a alokácie slovenskej bilaterálnej rozvojovej pomoci v rokoch 2003 – 2019. Regresná analýza panelových dát využívajúc metódy Probit a Tobit a údaje zodpovedajúce záujmom darcu, ako aj potrebám a zásluhám príjemcu, s výskumnou otázkou, či alokácia slovenskej ODA je viac ovplyvnená záujmami darcu, potrebami príjemcu alebo či je determinovaná historickými súvislosťami. Analýza súladu koncepčných dokumentov slovenskej rozvojovej politiky štyroch na seba nadväzujúcich strednodobých stratégií rozvojovej spolupráce Slovenskej republiky so skutočnou alokáciou rozvojovej pomoci v kontexte teritoriálnych priorít. | ||
| 610 | 2 | 0 | |a pomoc rozvojová |
| 610 | 2 | 0 | |a pomoc zahraničná |
| 610 | 2 | 0 | |a kooperácia hospodárska medzinárodná |
| 610 | 2 | 0 | |a spolupráca hospodárska medzinárodná |
| 610 | 2 | 0 | |a integrácia ekonomická medzinárodná |
| 610 | 2 | 0 | |a vzťahy hospodárske medzinárodné |
| 610 | 2 | 0 | |a programy rozvojové |
| 610 | 2 | 0 | |a alokácia |
| 610 | 2 | 0 | |a Slovensko |
| 610 | 2 | 0 | |a analýza regresná |
| 100 | 1 | |a Jančovič, Peter, 1995- | |
| 700 | 1 | |a Szabó, Jakub, 1996- | |